LEADER 04240nam 22010213 450 001 996503568903316 005 20231030111613.0 010 $a3-8394-6189-8 024 7 $a10.1515/9783839461891 035 $a(CKB)5580000000492487 035 $a(oapen)https://directory.doabooks.org/handle/20.500.12854/96152 035 $a(DE-B1597)627334 035 $a(DE-B1597)9783839461891 035 $a(MiAaPQ)EBC7153670 035 $a(Au-PeEL)EBL7153670 035 $a(OCoLC)1369648088 035 $a(OCoLC)1356978726 035 $a(EXLCZ)995580000000492487 100 $a20230317d2022 uy 0 101 0 $ager 135 $aurmn|---annan 181 $ctxt$2rdacontent 182 $cc$2rdamedia 183 $acr$2rdacarrier 200 10$aQueere KI $eZum Coming-out smarter Maschinen 205 $a1st ed. 210 1$aBielefeld :$ctranscript,$d2022. 210 4$d©2022. 215 $a1 electronic resource (266 p.) 225 1 $aKI-Kritik / AI Critique 311 $a3-8376-6189-X 327 $tFrontmatter --$tInhalt --$tVorwort --$tEinleitung: Queering KI --$tI. Falsifikation --$tQueere KI als materiell-diskursive Apparate --$tVon Gesichtsweiblichkeit und Verweiblichung --$tII. Somatik --$tMonströse Körper, ambige Maschinen --$tQueer-crip Perspektiven auf die Cyborg-Figur im Kontext von Künstlicher Intelligenz --$tIII. Konstruktion --$tHack back! Die historische Abwertung von Queerness bei KI und Potenziale des ?hacking back? --$tQueering Intelligence --$tIV. Intervention ? künstlerische Beiträge --$tPAST-DICK-TION --$tState of Queerness Computing --$tV. Pathologisierung --$tPatching und Hoarding --$tKI als Medium und ?message? und die (Un-)Möglichkeit einer queeren Antwort --$tVI. Narrativ --$tInnovation und Iteration --$tKI in der Wildnis --$tNachwort --$tAutor*innenverzeichnis 330 $aGängige Formen von Diskriminierung sowie die Reproduktion normativer Stereotype sind auch bei künstlicher Intelligenz an der Tagesordnung. Die Beitragenden erläutern Möglichkeiten der Reduktion dieser fehlerhaften Verfahrensweisen und verhandeln die ambivalente Beziehung zwischen Queerness und KI aus einer interdisziplinären Perspektive. Parallel dazu geben sie einem queer-feministischen Wissensverständnis Raum, das sich stets als partikular, vieldeutig und unvollständig versteht. Damit eröffnen sie Möglichkeiten des Umgangs mit KI, die reduktive Kategorisierungen überschreiten können. 410 0$aKI-Kritik / AI Critique 517 $aQueere KI 606 $aGay & Lesbian studies$2bicssc 606 $aMedia studies$2bicssc 606 $aGender studies, gender groups$2bicssc 610 $aKünstliche Intelligenz 610 $aAlgorithmen 610 $aDiskriminierung 610 $aFeminismus 610 $aQueer 610 $aDigitalisierung 610 $aStereotyp 610 $aMacht 610 $aInformationstechnologie 610 $aWissen 610 $aKategorisierung 610 $aMedien 610 $aGeschlecht 610 $aTechnik 610 $aQueer Theory 610 $aMedientheorie 610 $aGender Studies 610 $aDigitale Medien 610 $aMedienwissenschaft 610 $aArtificial Intelligence 610 $aAlgorithms 610 $aDiscrimination 610 $aFeminism 610 $aDigitalization 610 $aCultural Construction 610 $aPower 610 $aInformation Technology 610 $aKnowledge 610 $aCategorisation 610 $aMedia 610 $aGender 610 $aTechnology 610 $aMedia Theory 610 $aDigital Media 610 $aMedia Studies 615 7$aGay & Lesbian studies 615 7$aMedia studies 615 7$aGender studies, gender groups 686 $aAK 54385$qDE-Ofb1/22$2rvk 700 $aKlipphahn-Karge$b Michael$01293308 701 $aKoster$b Ann-Kathrin$01339417 701 $aBruss$b Sara Morais dos Santos$01339418 712 02$aSLUB Dresden$4fnd$4http://id.loc.gov/vocabulary/relators/fnd 801 0$bMiAaPQ 801 1$bMiAaPQ 801 2$bMiAaPQ 906 $aBOOK 912 $a996503568903316 996 $aQueere KI$93060193 997 $aUNISA LEADER 04995nam 2200805 a 450 001 9910782646803321 005 20230912132601.0 010 $a1-282-74135-7 010 $a9786612741357 010 $a0-7748-5542-8 024 7 $a10.59962/9780774855426 035 $a(CKB)1000000000712833 035 $a(EBL)3251896 035 $a(SSID)ssj0000643638 035 $a(PQKBManifestationID)12276682 035 $a(PQKBTitleCode)TC0000643638 035 $a(PQKBWorkID)10653836 035 $a(PQKB)10019861 035 $a(SSID)ssj0000278646 035 $a(PQKBManifestationID)11225759 035 $a(PQKBTitleCode)TC0000278646 035 $a(PQKBWorkID)10259369 035 $a(PQKB)10328364 035 $a(CaPaEBR)408595 035 $a(CaBNvSL)slc00208509 035 $a(Au-PeEL)EBL3412387 035 $a(CaPaEBR)ebr10214464 035 $a(CaONFJC)MIL274135 035 $a(OCoLC)923445295 035 $a(VaAlCD)20.500.12592/2vvs7r 035 $a(schport)gibson_crkn/2009-12-01/4/408595 035 $a(MiAaPQ)EBC3412387 035 $a(MiAaPQ)EBC3251896 035 $a(DE-B1597)662139 035 $a(DE-B1597)9780774855426 035 $a(EXLCZ)991000000000712833 100 $a20070327d2007 uy 0 101 0 $aeng 135 $aur|n|---||||| 181 $ctxt 182 $cc 183 $acr 200 00$aDevelopment's displacements$b[electronic resource] $eecologies, economies, and cultures at risk /$fedited by Peter Vandergeest, Pablo Idahosa, and Pablo S. Bose 210 $aVancouver $cUBC Press$dc2007 215 $a1 online resource (289 p.) 300 $aDescription based upon print version of record. 311 $a0-7748-1206-0 311 $a0-7748-1205-2 320 $aIncludes bibliographical references and index. 327 $aIntro; Contents; Acknowledgments; Introduction; Part 1: Displacement, Multinationals, and the State; Part 2: Displacement and Neoliberalism; Part 3: Conservation and Displacement; Conclusion; Contributors; Index; 1 Who Defines Displacement? The Operation of the World Bank Involuntary Resettlement Policy in a Large Mining Project; 2 Gendered Implications: Development-Induced Displacement in Sudan; 3 Uprooting Communities and Reconfiguring Rural Landscapes: Industrial Tree Plantations and Displacement in Sarawak, Malaysia, and Eastern Thailand 327 $a4 Enforcement and/or Empowerment? Different Displacements Induced by Neoliberal Water Policies in Thailand5 Displacements in Neoliberal Land Reforms: Producing Tenure (In)Securities in Laos and Thailand; 6 Contested Territories: Development, Displacement, and Social Movements in Colombia; 7 Dams, Development, and Displacement: The Narmada Valley Development Projects; 8 Upon Whose Terms? The Displacement of Afro-Descendent Communities in the Creation of Costa Rica's National Parks; 9 Entanglements: Campesino and Indigenous Tenure Insecurities on the Honduran North Coast; A; B; C; D; E; F; G; H 327 $aIJ; K; L; M; N; O; P; R; S; T; U; V; W; Z 330 $aAs multilateral agencies, social movements, and state authorities worldwide struggle to cope with the effects of large-scale development projects, such as dam building, mining, oil extraction, forest plantations, and nature conservation, the problem of displacement remains unresolved. The crisis of "development refugees" -- those forced to relocate not by wars or political conflicts but rather because of development policies, programs, and projects ? is becoming increasingly prevalent across the globe. While existing studies on development-induced displacement have focused on issues such as resettlement and compensation for those displaced, this volume seeks to address displacement as a broad and multilayered phenomenon. A series of illustrative case studies drawn from around the globe provide causal accounts of why and how displacement occurs, what its effects on communities, ecosystems, and economies look like, and the normative or ethical positions held by key actors involved. Contributors offer economic, political, and cultural analyses, as well as extensive ethnographic field research, to present a picture of displacement that illustrates the depth and the breadth of the issue. 606 $aEconomic development projects$xSocial aspects$vCase studies 606 $aEconomic development projects$xEnvironmental aspects$vCase studies 606 $aInternally displaced persons$vCase studies 615 0$aEconomic development projects$xSocial aspects 615 0$aEconomic development projects$xEnvironmental aspects 615 0$aInternally displaced persons 676 $a306.3 701 $aVandergeest$b Peter$f1955-$0141356 701 $aBose$b Pablo S.$f1972-$0894583 701 $aIdahosa$b Pablo$f1954-$01573851 801 0$bMiAaPQ 801 1$bMiAaPQ 801 2$bMiAaPQ 906 $aBOOK 912 $a9910782646803321 996 $aDevelopment's displacements$93849761 997 $aUNINA